El Desarrollo local desde una perspectiva de transformación /
Tallennettuna:
| Päätekijä: | |
|---|---|
| Aineistotyyppi: | Teksti |
| Aiheet: | |
| Tagit: |
Lisää tagi
Ei tageja, Lisää ensimmäinen tagi!
|
MARC
| LEADER | 00000 a a2200000 04500 | ||
|---|---|---|---|
| 001 | 18207 | ||
| 003 | |||
| 040 | |||
| 100 | |a Romero Reyes, Antonio | ||
| 245 | |a El Desarrollo local desde una perspectiva de transformación / |c Antonio Romero Reyes | ||
| 650 | |a PLANO LOCAL | ||
| 650 | |a DESARROLLO ECONOMICO | ||
| 650 | |a GLOBALIZACION | ||
| 650 | |a SOBERANIA | ||
| 650 | |a PERU | ||
| 773 | |g número 100; páginas 201 | ||
| 999 | |c 25937 |d 25937 | ||
